000 00391nam a2200169Ia 4500
005 20250423100636.0
008 250422s9999 xx 000 0 und d
020 _a0- 619- 21666- 2
050 _aTK 5105.888 .F36/
100 _aJoel Sklar
245 0 _aPrinciples of web design
250 _a3rd ed.
260 _bThomson learning
260 _c2006
300 _a420 p
942 _cBK
999 _c33923
_d33923